LEADER 01042nam0 22002893i 450 001 RMS0003949 005 20231121125806.0 010 $a007019288X 010 $a0070662746$bInternational ed. 100 $a20141209d1984 ||||0itac50 ba 101 | $aeng$ceng 102 $aus 181 1$6z01$ai $bxxxe 182 1$6z01$an 200 1 $aPowerplant technology$fM. M. El-Wakil 210 $aNew York [etc.]$cMcGraw-Hill book company$d©1984 215 $aXV, 861 p.$cill.$d24 cm. 500 10$aPowerplant technology.$3UBS0018832$9RMSV003361$9985223 700 1$a˜el-œWakil$b, Mohamed Mohamed$3RMSV003361$4070$0555889 801 3$aIT$bIT-01$c20141209 850 $aIT-FR0099 899 $aBiblioteca Area Ingegneristica$bFR0099 912 $aRMS0003949 950 0$aBiblioteca Area Ingegneristica$d 54DII 621.31 ELW$e 54VM 0000350825 VM barcode:BAIN002901. - Inventario:897DVM$fA $h20030915$i20121204 977 $a 54 996 $aPowerplant technology$9985223 997 $aUNICAS LEADER 01666nas 2200457 c 450 001 9910894868003321 005 20260218112611.0 024 7 $aurn:nbn:de:kobv:109-1-7865906 035 $a(CKB)3790000000117914 035 $a(OCoLC)779272256 035 $a(OCoLC)785833894 035 $a(DE-101)1020336951 035 $a(DE-599)ZDB2653613-4 035 $a(DE-599)2653613-4 035 $a(EXLCZ)993790000000117914 100 $a20120302a20039999 |y | 101 0 $ager 135 $aur||||||||||| 181 $ctxt$2rdacontent 182 $cc$2rdamedia 183 $acr$2rdacarrier 200 00$aAntidiskriminierungsreport Berlin$fADNB, Antidiskriminierungsnetzwerk Berlin ; TBB ; Berlin, Der Beauftragte des Senats fu?r Integration und Migration. Hrsg.: Antidiskriminierungsnetzwerk Berlin des Tu?rkischen Bundes in Berlin-Brandenburg 210 31$aBerlin$cADNB$d2003- 215 $aOnline-Ressource 300 $aErscheint unregelma?ßig 300 $aGesehen am 18. April 2016 517 $aAntidiskriminierungsreport Berlin / ADNB, Antidiskriminierungsnetzwerk Berlin ; TBB ; Berlin, Der Beauftragte des Senats für Integration und Migration. Hrsg 606 $aAntidiskriminierungsrecht$3(DE-588)4242711-3$3https://d-nb.info/gnd/4242711-3$3(DE-101)042427118$2gnd 607 $aBerlin$2gnd 608 $aZeitschrift$2gnd-content 608 $aBericht$2gnd-content 615 7$aAntidiskriminierungsrecht. 676 $a340 676 $a360 801 0$b0109 801 1$bDE-101 801 2$b4022 906 $aJOURNAL 912 $a9910894868003321 996 $aAntidiskriminierungsreport Berlin$94230538 997 $aUNINA